000 00700nam a22002297a 4500
001 78026
003 UA-OsUOA
005 20220126114837.0
007 ta
008 20110928b un ||||| |||| 00| 0 ukr d
040 _aUA-OsUOA
_brus
_cUA-OsUOA
_dUA-OsUOA
041 _arus
080 _a82.09(100)(091)
090 _a82.09(100)(091)
_bИ90
245 _aИстория зарубежной литературы XVII века
260 _aМ.
_bВысшая школа
_c1987
300 _a248 с.
650 7 _a82 Література. Літературознавство
_2UDC
942 _cBK
_2udc
955 _a2
999 _c364296
_d364296